LEADER 01354nam a2200265 a 4500 001 000000139457 003 CaOOAMICUS 005 20140725091445.0 008 140725m19669999it u000 u ita r 040 $aPUL$bita 041 0 $aita$afre 245 00$aContributi dell'Istituto di filologia moderna :$bserie francese. 260 $aMilano :$bVita e pensiero,$c1966- 300 $av. ;$c24 cm 490 1 $aPubblicazioni della Università cattolica del Sacro Cuore. Contributi. Serie 3, Scienze filologiche e letteratura ;$v10, 15 546 $aTesti in italiano e francese. 650 4$aFilologia.$0(OLS)http://pul/subject/492 830 0$aPubblicazioni della Università cattolica del Sacro Cuore.$pContributi.$nSerie 3,$pScienze filologiche e letteratura ;$v10, 15.$0(OLS)http://pul/title/176549 850 $aPUL 852 $aPUL$W1$xDP2 Diritto Canonico 1$y64$m167 D 20.2.15$j161093$av. 5$qStampati$B160538$CPULBib$Z2$F160538 $H31136 $82 852 $aPUL$W1$xDP2 Diritto Canonico 1$y64$m167 D 20.2.10$j161097$av. 4$qStampati$B160542$CPULBib$Z2$F160542 $H27097 $82 941 1 $a8 996 $6245$aContributi dell'Istituto di filologia moderna :$bserie francese$9(OLS)http://pul/title/176548 996 $6260$aMilano :$bVita e pensiero$9(OLS)http://pul/publisher/48016 LEADER 01533namaa2200313 a 4500 001 000000177036 003 CaOOAMICUS 005 20240703115043.0 008 240703s2024 it u001 u ita r 020 $z978-88-308-1928-3* 032 $aLibriCat 040 $aPUL$bita 100 1 $aGarganese, Davide,$csacerdote.$0(OLS)http://pul/name/105297 245 13$aLa forma liturgica della fede :$bcredere e celebrare in Odo Casel, Romano Guardini, Salvatore Marsilli e Cipriano Vagaggini /$cDavide Garganese ; prefazione di Ivica Zizic . 250 $aPrima edizione. 260 $aAssisi :$bCittadella,$c2024. 300 $a184 p. ;$b$c21 cm 490 1 $aStudi e ricerche. Sezione teologica 504 $aBibliografia : p. [175]-182 650 4$aLiturgia$xStudi.$0(OLS)http://pul/subject/13193 700 1 $aZizic, Ivica,$d1973-$0(OLS)http://pul/name/113812 700 1 $aVitali, Dario,$csac.,$d1956 -$0(OLS)http://pul/name/40122 830 0$aStudi e ricerche (Cittadella).$pSezione teologica.$0(OLS)http://pul/title/143126 850 $aPUL 852 $aPUL$W1$xSL Religione 3$y85$m230 COLL 11.1.62$j201034$qDDC 21$B205991$CPULBib$Z2$F205991 $H137239 $82 996 $6020$z978-88-308-1928-3*$9(OLS)http://pul/number/169900 996 $6245$aLa forma liturgica della fede :$bcredere e celebrare in Odo Casel, Romano Guardini, Salvatore Marsilli e Cipriano Vagaggini$9(OLS)http://pul/title/218554 996 $6260$aAssisi :$bCittadella$9(OLS)http://pul/publisher/49668